Communication, sex and money. (Record no. 14615)

000 -LEADER
fixed length control field 00520nam a2200181 a 4500
001 - CONTROL NUMBER
control field :::00012447$&:&@@
003 - CONTROL NUMBER IDENTIFIER
control field OkBaRHE
005 - DATE AND TIME OF LATEST TRANSACTION
control field 20000607103419.0
008 - FIXED-LENGTH DATA ELEMENTS--GENERAL INFORMATION
fixed length control field s1987 j 000 0 eng u
040 ## - CATALOGING SOURCE
Transcribing agency
100 1# - MAIN ENTRY--PERSONAL NAME
Personal name Cole, Edwin Louis.
245 10 - TITLE STATEMENT
Title Communication, sex and money.
260 ## - PUBLICATION, DISTRIBUTION, ETC. (IMPRINT)
Place of publication, distribution, etc Tulsa, OK., :
Name of publisher, distributor, etc Honor Books
Date of publication, distribution, etc c1987
300 ## - PHYSICAL DESCRIPTION
Extent 234 p. ;
Dimensions 18 cm.
650 ## - SUBJECT ADDED ENTRY--TOPICAL TERM
Topical term or geographic name as entry element Marriage
942 ## - ADDED ENTRY ELEMENTS (KOHA)
Source of classification or shelving scheme
Koha item type Books
Copies
Date acquired Damaged status Shelving location Price effective from Copy number Koha item type Barcode Lost status Permanent Location Full call number Date last seen Source of classification or shelving scheme Not for loan Withdrawn status
2010-04-14 General Stacks2010-04-141Books12447 RHEMA Bible Training CollegeHQ 734 .C62010-04-14